[Event "XXXIII Lower Silesian Cup 2017"]
[Site "Legnica"]
[Date "2017.12.11"]
[Round "6"]
[White "Grela, Kacper"]
[Black "Kriebel, Tadeas"]
[Result "0-1"]
[WhiteElo "2293"]
[BlackElo "2515"]
[Annotator "TA"]
[PlyCount "112"]
[EventDate "2017.??.??"]
[EventType "tourn"]
[EventCountry "POL"]
[SourceTitle "playchess.com"]
[Source "ChessBase"]
[SourceQuality "1"]

{[%evp 25,112,29,71,65,81,60,71,61,64,66,65,39,44,41,36,0,16,-28,0,-13,25,-17,-17,-29,-12,-12,-12,-12,-12,-17,-17,-18,-18,-19,-17,-13,-13,-13,-13,-13,-6,-6,-6,-6,-6,-8,0,-33,-34,-34,0,-34,-34,-33,-41,-41,-50,-35,-49,-51,-60,-77,-75,-156,-147,-130,-136,-126,-137,-161,-148,-171,-190,-238,-236,-282,-281,-278,-270,-280,-177,-285,-317,-29984,-418,-29989,-29990,-29990,-29991]} 1. e4 e5 2. Nf3 Nc6 3. Bb5 {[%cal Bf1b5,Bb5a4,Ba4b3][%mdl 32]} a6 4. Ba4 Nf6 5. O-O Be7 6. Re1 b5 7. Bb3 d6 8. c3 O-O 9. h3 Na5 10. Bc2 c5 11. d4 Qc7 12. Nbd2 {[%cal Bb1d2,Bd2f1,Bf1g3][%mdl 32]} Nc6 13. d5 Nd8 14. b3 {C98: Closed Ruy Lopez: Chigorin Defence: 11 d4 Qc7 12 Nbd2 Nc6} (14. a4 Rb8 15. b4 Bd7 16. bxc5 Qxc5 17. axb5 axb5 18. Ba3 Qxc3 19. Re3 Qc7 20. Bb4 Be8 21. Rc3 Qd7 22. Nb3 Nb7 23. Bd3 {½-½ (79) Zhigalko,A (2591)-Filippov,A (2582) Baku 2016}) 14... Ne8 15. Nf1 g6 16. a4 {White is better.} Rb8 17. axb5 axb5 18. Ng3 Ng7 19. Bh6 f6 20. Qd2 Nf7 21. Nh2 $146 ({Predecessor:} 21. Bxg7 Kxg7 22. c4 b4 23. Nh2 {½-½ (41) Galan Martin,A (1974)-Rubio Nevado,P (2080) Spain 2009}) 21... Bd7 22. Ng4 Ra8 23. Bxg7 Kxg7 24. Ne3 Kh8 25. Bd3 Qb7 26. Qb2 Rfb8 27. Rxa8 Rxa8 28. Ra1 Bf8 {[%cal Be7f8,Bf8h6,Bh6f4][%mdl 32]} 29. Ra2 h5 30. Qa1 Rxa2 31. Qxa2 Bh6 32. Ngf1 h4 33. Qa5 Kg7 34. Kh1 Bf4 35. Kg1 Qb8 36. f3 Ng5 37. Qa6 Nf7 38. Qa5 Kh6 39. Qa6 Kg5 40. Nc2 f5 41. Qa5 Kh6 42. Na3 {[%cal Rd3b5]} fxe4 43. fxe4 {[%cal Rd3b5]} Ng5 {[#] aiming for ...Qc8.} 44. Nxb5 ({Better is} 44. c4) 44... Bxb5 $17 45. Bxb5 Nxe4 46. Bd3 Nf6 47. Bc4 e4 {[%cal Be5e4,Be4e3][%mdl 32]} 48. Qa2 e3 49. Qe2 Qe8 50. b4 cxb4 51. cxb4 Qe4 52. b5 {Threatening b6.} Qd4 53. Bb3 (53. Nh2 $142) 53... Ne4 $19 {Threatens to win with ...Nc3.} 54. Qc4 $2 {[#]} (54. Bc2 $19 Nc3 55. Qd3 Qxd3 56. Bxd3 Nxd5 57. Bc4) 54... Qc5 (54... Qb6 $142 55. Qe2 Nc3 56. Qe1 e2+ 57. Kh1 exf1=R+ 58. Qxf1 Qe3 59. g3 Ne2 60. gxf4 Ng3+ 61. Kg2 Nxf1 62. Kxf1 Qxh3+ 63. Ke2 Qxb3 64. b6 h3 65. b7 h2 66. b8=Q Qxb8 67. Kf2 h1=Q 68. Ke3 Qb3+ 69. Ke2 Qh2+ 70. Kf1 Qd1#) 55. Kh1 (55. Qxc5 $19 dxc5 56. Bc4) 55... e2 56. Qxe2 Nf2+ {Precision: White = 30%, Black = 73%.} 0-1

[Event "XXXIII Lower Silesian Cup 2017"]
[Site "Legnica"]
[Date "2017.12.11"]
[Round "7"]
[White "Czarnota, Pawel"]
[Black "Grela, Kacper"]
[Result "1-0"]
[WhiteElo "2556"]
[BlackElo "2293"]
[Annotator "TA"]
[PlyCount "191"]
[EventDate "2017.??.??"]
[EventType "tourn"]
[EventCountry "POL"]
[SourceTitle "playchess.com"]
[Source "ChessBase"]
[SourceQuality "1"]

{[%evp 19,190,19,18,3,12,15,11,9,22,5,5,9,17,8,21,15,31,28,42,22,24,20,32,29,33,24,35,28,37,24,48,31,42,16,13,3,8,2,21,12,25,19,35,26,26,30,32,29,32,27,53,33,56,19,31,15,21,17,22,20,68,32,45,34,44,25,30,27,61,37,70,68,58,19,26,31,34,12,30,30,25,38,43,51,66,23,68,70,68,66,66,66,66,66,66,66,246,226,160,139,139,139,139,138,239,66,66,66,66,37,41,8,78,78,78,78,78,78,129,168,123,137,345,343,323,332,348,355,703,459,1487,814,29938,12811,29963,29965,29961,12710,29940,519,519,519,29948,29950,29949,29951,29952,29954,29955,29956,29956,29958,29957,29960,29961,29962,29965,29964,29975,29977,29975,29962,29963,29964,29961,29962,29983,29984,29984,29985,29984,29981,29999]} 1. e4 e5 2. Nf3 Nf6 3. Nxe5 d6 4. Nf3 Nxe4 5. Nc3 Nxc3 6. dxc3 Be7 7. Bf4 Nc6 8. Qd2 Be6 9. O-O-O Qd7 {C42: Petroff Defence: 3 Nxe5 and unusual White 3rd moves} 10. Kb1 (10. h3 Bf6 11. g4 h6 12. Bg2 O-O-O 13. b3 Rde8 14. Rhe1 Kb8 15. Be3 a6 16. Ng1 g5 17. Ne2 h5 18. f3 {½-½ (73) So,W (2770)-Wei,Y (2696) Bilbao 2016}) 10... a6 {LiveBook: 38 Games} 11. Be2 O-O-O {The position is equal.} 12. Ng5 Bxg5 13. Bxg5 f6 14. Bf4 Rhe8 $146 ({Predecessor:} 14... Ne5 15. Qd4 Kb8 16. Be3 c5 {1-0 (61) Ciurlanti,F (2140)-Spata,G (2280) Buenos Aires 2012}) 15. Rhe1 Kb8 16. b3 Qf7 17. Bg3 Qg8 18. Kb2 Re7 19. Bf1 Rde8 20. f3 Bf7 21. Rxe7 Rxe7 22. c4 Qe8 23. Bf2 Rd7 24. Qc3 Qe5 25. Bg3 Qc5 26. Qd3 Bg6 27. Qd5 Re7 28. a3 a5 29. Qd2 Re8 30. Qf2 {Black must now prevent Qxc5.} Re7 31. Rd5 Qxf2 32. Bxf2 b6 33. Kc3 Kb7 34. Rd1 Re5 35. h3 Re7 36. Kd2 Kc8 37. g3 Kd7 38. Kc3 Kc8 39. b4 Kb7 40. Rb1 axb4+ 41. axb4 Ne5 42. f4 Nd7 43. g4 c6 44. c5 dxc5 45. bxc5 b5 46. Kd2 Kc7 47. Ra1 Bf7 48. Bg2 Bc4 {Strongly threatening ...Re2+.} 49. Bf3 Kb7 50. Kc3 Nb8 51. Rd1 Kc7 52. Rd6 Rd7 53. f5 Rxd6 54. Bg3 Nd7 55. Bxd6+ $14 {[%mdl 4096] Endgame KBB-KBN} Kb7 56. Kd4 Bf1 57. h4 Bc4 $2 (57... h6 $14) 58. g5 $18 Bf7 59. c3 Be8 60. Ke4 Bf7 61. Kf4 h6 (61... Be8 $16 62. Ke3 Bf7) 62. Kg4 $2 ({White should play} 62. gxh6 $1 $18 gxh6 63. h5) 62... hxg5 $14 63. hxg5 Bg8 64. gxf6 Nxf6+ 65. Kg5 {Kg6 is the strong threat.} Bf7 (65... Bd5 $11 {remains equal.} 66. Bxd5 cxd5) 66. Be5 $16 Nh7+ 67. Kf4 Nf6 68. Bd1 Nd7 (68... Ka6 $142) 69. Bxg7 {Hoping for Bd4.} Nxc5 70. Ke5 Kc7 $2 {[#]} (70... Bd5 $16 71. Kd6 Ne4+ 72. Kd7 Kb6) 71. Kf6 $1 $18 {[%cal Rf6f7]} Bd5 {[#]} 72. Ke7 $1 Ne4 73. Be5+ Kc8 $2 (73... Kb6 74. Bc2 Ng5) 74. f6 Ng5 (74... c5 $142 75. Be2 c4) 75. Bd4 Ne4 76. Bc2 Ng5 77. Be3 Nf7 78. Bg6 (78. Bf5+ $142 Kb7 79. Be6 Nh8 80. Bxd5 cxd5 81. f7 Kc6 82. f8=N b4 83. cxb4) 78... Ne5 79. Be8 (79. Bf5+ $142 Kb7 80. Bf4 Nf7 81. Be6 Bxe6 82. Kxe6 Nd8+ 83. Kd7 Nf7 84. Ke6) 79... Kb7 80. f7 Nxf7 (80... Bxf7 $18 81. Bxf7 Nd3) 81. Bxf7 {White mates.} Bg2 82. Bc5 Bf3 83. Kd6 Bg2 84. Bg6 Bd5 85. Ke5 Kc7 86. Be4 Bg8 87. Bb4 Bf7 88. Ba5+ Kb7 89. Kd6 Be8 90. Bb4 Kb6 91. Bf3 Kb7 92. Bc5 Ka6 93. Kc7 b4 94. cxb4 {[%cal Rf3e2]} Kb5 95. Be4 Ka6 96. Bd3# {Precision: White = 54%, Black = 29%.} 1-0

[Event "XXXIII Lower Silesian Cup 2017"]
[Site "Legnica"]
[Date "2017.12.11"]
[Round "7"]
[White "Kriebel, Tadeas"]
[Black "Teclaf, Pawel"]
[Result "1-0"]
[WhiteElo "2515"]
[BlackElo "2393"]
[Annotator "TA"]
[PlyCount "55"]
[EventDate "2017.??.??"]
[EventType "tourn"]
[EventCountry "POL"]
[SourceTitle "playchess.com"]
[Source "ChessBase"]
[SourceQuality "1"]

{[%evp 22,55,113,121,120,120,113,120,127,111,124,89,87,98,157,101,154,121,124,127,133,123,160,137,247,249,426,404,424,411,1617,1511,1471,1354,29962,29949]} 1. e4 c5 2. Nf3 d6 3. d4 cxd4 4. Nxd4 Nf6 5. Nc3 a6 6. Be2 e6 7. Be3 Be7 8. f4 O-O 9. g4 Nc6 {B84: Sicilian Scheveningen: 6 Be2 a6, lines without early Be3} 10. g5 Nd7 11. h4 Nxd4 12. Qxd4 {LiveBook: 3 Games} e5 (12... b5 13. O-O-O Rb8 14. h5 b4 15. Nd5 exd5 16. h6 Bf6 17. gxf6 {0-1 (54) Fakhrutdinov,T (2429)-Frolyanov,D (2563) Khanty-Mansiysk 2017}) 13. Qd2 exf4 $146 ({Predecessor:} 13... Qa5 14. Nd5 Qxd2+ 15. Bxd2 Bd8 16. O-O-O {½-½ (16) Da Silva,A-Cabral Mesquita,J (1870) Joao Pessoa 2010}) 14. Bxf4 Ne5 15. O-O-O Be6 16. Nd5 Bxd5 17. exd5 {Hoping for Bxe5.} Ng6 (17... f6 $142) 18. Be3 (18. Kb1 $142) 18... Rc8 ({Black should play} 18... Qd7) 19. Kb1 Ne5 20. h5 Qc7 21. Bd4 Rfe8 ({Don't blunder} 21... Bxg5 $2 22. Qxg5 Qxc2+ 23. Ka1 $18) 22. Rdg1 Bf8 {[#]} (22... Bd8 $16 23. c3 f6) 23. g6 $1 $18 {[%mdl 512]} f5 $2 (23... fxg6 24. hxg6 h6) 24. gxh7+ Kxh7 25. Bd1 Qc4 {[#]} (25... Qf7 $142 26. c3 Kh8) 26. h6 $1 {[%mdl 512] Intending hxg7+ and mate.} g6 (26... gxh6 27. Qg5) 27. Bxe5 {White wants to mate with Qg5.} Rxe5 28. Qg2 {Precision: White = 91%, Black = 17%.} 1-0

[Event "XXXIII Lower Silesian Cup 2017"]
[Site "Legnica"]
[Date "2017.12.11"]
[Round "7"]
[White "Cyborowski, Lukasz"]
[Black "Simantsev, Mikhail"]
[Result "1-0"]
[WhiteElo "2514"]
[BlackElo "2490"]
[Annotator "TA"]
[PlyCount "59"]
[EventDate "2017.??.??"]
[EventType "tourn"]
[EventCountry "POL"]
[SourceTitle "playchess.com"]
[Source "ChessBase"]
[SourceQuality "1"]

{[%evp 18,59,-7,-10,-4,-10,-2,0,0,-32,-12,-10,0,0,0,0,11,0,-6,-12,34,27,31,12,37,33,47,40,41,43,58,66,58,53,45,24,56,59,119,117,402,404,397,393]} 1. c4 Nf6 2. Nc3 e5 3. Nf3 Nc6 4. a3 d5 5. cxd5 Nxd5 6. d3 Be7 7. g3 O-O 8. Bg2 Be6 9. O-O Qd7 10. Bd2 {LiveBook: 20 Games} Rfd8 {A29: English Opening: Four Knights Variation with 4 g3} (10... f6 11. Rc1 Nxc3 12. Bxc3 Nd4 13. b4 a5 14. bxa5 Bxa3 15. Rb1 Nb5 16. Bxe5 Rxa5 17. Ba1 c5 18. Nd2 Bb4 19. Nb3 {½-½ (35) Korobov,A (2713)-Bobras,P (2518) Czechia 2014}) 11. Rc1 Nxc3 $146 ({Predecessor:} 11... f6 12. Ne4 Bh3 13. Qb3 Bxg2 14. Kxg2 Rab8 15. Nc5 Bxc5 16. Rxc5 Kh8 17. Rfc1 Nde7 18. Qc4 Nf5 19. Be3 Nd6 20. Qh4 Rbc8 21. b4 a6 22. Qh3 {½-½ (22) Braun,X (1804)-Svoboda,M (1981) Bayern 2004}) 12. Bxc3 f6 {The position is equal.} 13. Nd2 Bd5 14. Qa4 Bxg2 15. Kxg2 Qd5+ 16. Qe4 Rac8 17. f4 Qxe4+ 18. Nxe4 Nd4 19. fxe5 fxe5 20. e3 Nc6 21. Rfd1 Rd7 22. Kf3 Rcd8 23. Ke2 Kf7 24. b4 {[%cal Bb2b4,Bb4b5,Bb5c6][%mdl 32]} a6 25. Bb2 Ke6 26. Rc4 Na7 27. Rc5 $36 {[%mdl 2048] White has the initiative.} Nc6 (27... Bd6 $1 $14) 28. b5 $16 Bxc5 $4 {[%mdl 8192] [#]} (28... axb5 $16 29. Rxb5 Rb8) 29. Nxc5+ $18 Kd5 30. bxc6 {Precision: White = 75%, Black = 28%.} 1-0

[Event "XXXIII Lower Silesian Cup 2017"]
[Site "Legnica"]
[Date "2017.12.11"]
[Round "7"]
[White "Kislinsky, Alexey"]
[Black "Simacek, Pavel"]
[Result "0-1"]
[WhiteElo "2513"]
[BlackElo "2490"]
[Annotator "TA"]
[PlyCount "116"]
[EventDate "2017.??.??"]
[EventType "tourn"]
[EventCountry "POL"]
[SourceTitle "playchess.com"]
[Source "ChessBase"]
[SourceQuality "1"]

{[%evp 18,116,0,0,59,51,62,18,30,39,30,33,41,33,38,29,32,-29,-4,-9,0,0,50,56,56,53,59,19,41,46,52,63,66,-6,-7,-8,-8,-12,-12,-8,59,0,-7,-8,-11,-68,-80,-120,-122,-101,-116,-147,-69,-66,-54,-60,-14,-34,-10,-70,-9,-75,-78,-81,10,10,8,9,8,0,0,-35,-31,-25,-29,-147,-151,-216,-195,-237,-245,-186,-218,-287,-297,-385,-376,-407,-410,-435,-433,-464,-463,-512,-475,-445,-380,-525,-502,-514,-516]} 1. e4 e5 2. Nf3 Nc6 3. Bc4 Bc5 4. b4 Bxb4 5. c3 Ba5 6. d4 exd4 7. O-O d3 8. Qb3 Qf6 9. e5 {C52: Evans-Gambit (Hauptvariante)} Qg6 10. Rd1 {LiveBook: 5 Partien} (10. Ba3 Nge7 11. Rd1 O-O 12. Bxd3 Qh6 13. Nbd2 d5 14. exd6 cxd6 15. Ne4 d5 16. Bc1 Qg6 {0-1 (59) Short,N (2698)-Kasparov,G (2812) Leuven 2011}) 10... d2 (10... Nge7 $11) 11. Nbxd2 $14 {Weiß steht etwas besser.} Nge7 12. Nf1 b5 $146 ({Vorgänger:} 12... O-O 13. Bd3 Qe6 14. Bxh7+ Kh8 15. Qa4 Ng6 16. Ng5 b5 {1-0 (40) Aguilar,A-Martinez,D Playa Union 2002}) 13. Bd3 Qe6 {und nun wäre ...Dxb3 stark für Schwarz.} 14. Qc2 Nxe5 15. Nxe5 Qxe5 16. Bb2 Bb7 17. Re1 (17. Ng3 $14) 17... Qg5 $11 {[%csl Gb7][%cal Rg5g2]} 18. Ng3 O-O-O 19. a4 Ng6 20. axb5 Bb6 21. c4 {[%mdl 1024] zielt auf Lf5 ab. Weiss hat Kompensation.} d6 22. Ne4 Qh5 23. Be2 Qh4 24. Bf3 {Und weiter mit c5 wäre nett.} Rhe8 25. c5 (25. Bxg7 Qf4 $15) (25. g3 $1 $14 Qe7 26. Bxg7) 25... dxc5 $40 {[%mdl 128] Schwarz startet einen Angriff.} 26. Nxc5 Bxf3 27. Qf5+ $1 {[#]} Re6 $1 28. Rxe6 (28. Nxe6 Qxf2+) 28... Qg4 (28... Qh5 $11 29. Rf6+ (29. Qxf3 Qxf3 30. gxf3 fxe6 $17) (29. Qxf7 Bd5 $17) 29... Qxf5 30. Rxf5 Bxg2) 29. Re5+ ({Und nicht} 29. Qxf3 Qxf3 30. gxf3 fxe6 $17) (29. Qxg4 $14 Bxg4 30. Re4) 29... Qxf5 30. Rxf5 Bxg2 31. Na4 ({Nicht} 31. Bxg7 $2 Rg8 $19) ({Lieber} 31. Ba3 $11) 31... f6 $15 32. Nxb6+ axb6 33. Rh5 {[#]} h6 $1 34. Re1 Bb7 (34... Rd3 $17 {Und ...Lf3 würde nun gewinnen.} 35. Bxf6 Bf3) 35. Rh3 $1 Nf4 36. Rb3 $1 Rd5 37. h4 Rh5 (37... Ng2 $5 {[%cal Rg2e1]} 38. Re8+ Kd7 $15) 38. Re8+ Kd7 39. Rg8 (39. Rbe3 $1 $11 {hält das Gleichgewicht.} Rxb5 40. R8e7+ Kc6 41. Rc3+ Kd6 42. Rcxc7 Rxb2 43. Rxb7) 39... Ne6 $17 40. Ba3 Rxh4 (40... Be4 $17 41. Rb2 Rd5) 41. Rd3+ $11 Nd4 {[%csl Gb7][%cal Rh4h1]} 42. f4 Rg4+ 43. Kf2 Rxf4+ 44. Ke3 Re4+ 45. Kd2 Ke6 {Droht ...Tg4 und aus.} 46. Rb8 (46. Rxg7 $11 Nxb5 47. Be7) 46... Bd5 $17 ({Schlechter ist} 46... Nxb5 47. Rxb7 h5 48. Rb8 $14) 47. Rd8 (47. Re8+ $17 Kf5 48. Rd8 Nb3+ 49. Kc2 Nd4+ 50. Kd2 Nb3+ 51. Kc2 Nd4+ 52. Kd2) 47... Nxb5 $19 48. Re8+ Kf7 49. Rf8+ Kg6 50. Bb2 Be6 51. Rg3+ Bg4 52. Kd3 Rb4 {Weiss muss nun ...Tb3+ beachten.} 53. Rg2 h5 54. Rh8 c5 {[%cal Bc7c5,Bc5c4][%mdl 32]} 55. Rb8 c4+ 56. Kc2 Nc7 57. Bd4 Nd5 58. Rd8 Nf4 {Precision: Weiß = 41%, Schwarz = 56%.} 0-1

[Event "XXXIII Lower Silesian Cup 2017"]
[Site "Legnica"]
[Date "2017.12.11"]
[Round "7"]
[White "Sieciechowicz, Marcin"]
[Black "Tomczak, Mikolaj"]
[Result "1/2-1/2"]
[WhiteElo "2387"]
[BlackElo "2372"]
[Annotator "NA"]
[PlyCount "61"]
[EventDate "2017.??.??"]
[EventType "tourn"]
[EventCountry "POL"]
[SourceTitle "playchess.com"]
[Source "ChessBase"]
[SourceQuality "1"]
[TimeControl "40/5400+30:900+30"]

{[%evp 8,60,29,25,44,26,21,2,21,-6,21,0,-10,-2,0,-16,0,32767,32767,32767,32767,32767,32767,32767,32767,32767,32767,-24,-22,-22,-9,32767,32767,32767,32767,32767,-9,-24,-5,-16,-12,-16,32767,-18,32767,32767,32767,32767,-4,32767,-6,-12,32767,0,0]} 1. d4 {[%emt 0:00:00]} d5 {[%emt 0:00:07]} 2. c4 {[%emt 0:00:00]} dxc4 {[%emt 0:00:03]} 3. e3 {[%emt 0:00:22]} a6 {[%emt 0:00:10]} 4. Bxc4 {[%emt 0:00:30]} e6 {[%emt 0:00:04]} 5. Nf3 {[%emt 0:01:19]} c5 {[%emt 0:00:05]} 6. O-O {[%emt 0:01:08]} Nf6 {[%emt 0:00:05] LiveBook: 7007 Games} 7. Nc3 {[%emt 0:01:33]} b5 {[%emt 0:00:15]} 8. Be2 {[%emt 0:01:46]} Bb7 {[%emt 0:00:42]} 9. a3 {[%emt 0:04:00]} Nbd7 {[%emt 0:00:31]} 10. dxc5 {[%emt 0:03:47]} Bxc5 {[%emt 0:04:58]} 11. b4 {[%emt 0:02:21] D27: Queen's Gambit Accepted: Classical main line: 7 e4!? and 7 a4} Be7 {[%emt 0:00:12]} 12. Bb2 {[%emt 0:09:13]} O-O {[%emt 0:00:41]} (12... Rc8 13. Qb3 Qb6 14. Rab1 O-O 15. a4 Bxf3 16. Bxf3 Ne5 17. Be2 Nc4 18. Rbd1 Bd6 {0-1 (33) Bachmann,A (2593)-Mamedyarov,S (2736) Berlin 2015}) 13. Qb3 {[%emt 0:05:58]} Qb6 {[%emt 0:01:07]} 14. Nd4 {[%emt 0:04:12]} Nd5 $146 {[%emt 0:12:13]} ({Predecessor:} 14... Rac8 15. Rac1 Ne5 16. Ba1 Nc4 17. Rfd1 Nd5 18. Nf5 exf5 19. Nxd5 Bxd5 20. Rxd5 {½-½ (21) Dunkelblum,A-Van Scheltinga,T Dublin 1957}) 15. Bf3 {[%emt 0:01:21]} Nxc3 {[%emt 0:02:52]} 16. Bxc3 {[%emt 0:00:41]} Rac8 {[%emt 0:03:38]} 17. Rfd1 {[%emt 0:05:19]} Rc7 {[%emt 0:07:10]} 18. Bb2 {[%emt 0:14:23]} Bf6 {[%emt 0:04:46]} 19. Bxb7 {[%emt 0:05:20]} Qxb7 {[%emt 0:00:25]} 20. a4 {[%emt 0:01:57]} bxa4 {[%emt 0:15:21]} 21. Qxa4 {[%emt 0:01:16]} Ra8 {[%emt 0:01:11]} 22. b5 {[%emt 0:14:15]} Nb6 {[%emt 0:14:46]} 23. bxa6 {[%emt 0:04:09]} Nxa4 {[%emt 0:00:12]} 24. axb7 {[%emt 0:00:03]} Rxb7 {[%emt 0:00:06]} 25. Bc3 {[%emt 0:01:49]} Rbb8 {[%emt 0:02:25]} 26. Be1 {[%emt 0:02:37]} Nb2 {[%emt 0:03:57]} 27. Rxa8 {[%emt 0:00:06]} Rxa8 {[%emt 0:00:05]} 28. Rd2 {[%emt 0:02:22]} Nc4 {[%emt 0:00:22]} 29. Rd1 {[%emt 0:00:50]} Rd8 {[%emt 0:00:23]} 30. Rc1 {[%emt 0:00:26]} Bxd4 $11 {[%emt 0:00:14]} 31. Rxc4 {[%emt 0:00:09]} 1/2-1/2

[Event "XXXIII Lower Silesian Cup 2017"]
[Site "Legnica"]
[Date "2017.12.12"]
[Round "8"]
[White "Kriebel, Tadeas"]
[Black "Czarnota, Pawel"]
[Result "0-1"]
[WhiteElo "2515"]
[BlackElo "2556"]
[Annotator "TA"]
[PlyCount "66"]
[EventDate "2017.??.??"]
[EventType "tourn"]
[EventCountry "POL"]
[SourceTitle "playchess.com"]
[Source "ChessBase"]
[SourceQuality "1"]

{[%evp 27,66,0,0,0,0,0,0,-24,-27,-33,-44,-37,-24,-29,-32,-43,-24,-37,-39,-424,-426,-470,0,-164,-128,-1083,-1058,-3170,-918,-29978,-29979,-29979,-29980,-29991,-29981,-29981,-29982,-29992,-29993,-29994,-29995]} 1. e4 c5 2. Nf3 d6 3. d4 cxd4 4. Nxd4 Nf6 5. Nc3 Nc6 6. Bg5 e6 7. Qd2 a6 8. O-O-O Bd7 9. f3 Be7 10. h4 h6 {B67: Sicilian: Richter-Rauzer: 7...a6 8 0-0-0 Bd7, lines without 9 f4 Be7} 11. Be3 h5 12. Bg5 Nxd4 13. Qxd4 Qc7 14. Kb1 b5 {[%cal Bb7b5,Bb5b4][%mdl 32] LiveBook: 8 Games} 15. Qd2 b4 16. Ne2 a5 {[%cal Ba6a5,Ba5a4,Ba4a3,Ba3b2][%mdl 32]} 17. Nd4 Rb8 $146 ({Predecessor:} 17... Qb7 18. Bd3 {1-0 (56) Gopal,G (2572)-Hirneise,T (2407) Dubai 2009}) 18. g3 a4 19. Bh3 O-O 20. g4 hxg4 21. Bxg4 a3 {[#] ...axb2 is the strong threat.} 22. Rhg1 {Threatening Bh6.} Rfc8 $36 {[%mdl 2048] Black is pushing.} 23. Qg2 $2 {[%mdl 8192]} (23. b3 $1 $15) 23... axb2 $19 24. Bh6 {aiming for Bxe6!} Kf8 $2 ({Black should play} 24... Nxg4 $19 25. Qxg4 g6) 25. Bxg7+ $2 {[#]} (25. e5 $11 {and White stays safe.} b3 26. cxb3) 25... Ke8 {[%cal Bf8e8,Be8d8,Bd8c7][%mdl 32]} 26. Bh3 $2 {[%mdl 8192]} (26. Bxe6 $17 Bxe6 27. Nxe6) 26... Ra8 27. Bxf6 Bxf6 (27... Qa7 $142 28. Qg8+ Bf8 29. Kxb2 Qa3+ 30. Kb1 b3 31. Qxf8+ Kxf8 32. Rg8+ Kxg8 33. Rg1+ Kf8 34. c4 Rxc4 35. Nxe6+ Bxe6 36. Rg8+ Kxg8 37. Bc3 Rxc3 38. Bxe6 Qxa2#) 28. Nf5 exf5 {Black mates.} 29. exf5 Kd8 30. Qh2 Be5 31. Rg8+ Be8 32. Qd2 Qc4 {[%csl Ga8][%cal Rc4a2]} 33. Qg5+ Kc7 {Precision: White = 17%, Black = 68%.} 0-1

[Event "XXXIII Lower Silesian Cup 2017"]
[Site "Legnica"]
[Date "2017.12.12"]
[Round "8"]
[White "Simacek, Pavel"]
[Black "Cyborowski, Lukasz"]
[Result "1/2-1/2"]
[WhiteElo "2490"]
[BlackElo "2514"]
[Annotator "TA"]
[PlyCount "45"]
[EventDate "2017.??.??"]
[EventType "tourn"]
[EventCountry "POL"]
[SourceTitle "playchess.com"]
[Source "ChessBase"]
[SourceQuality "1"]

{[%evp 15,45,22,30,22,25,8,9,-19,-33,-39,-25,-30,-32,-27,-31,-83,-36,-38,-36,-44,-37,-44,-28,-35,-43,-39,0,-33,0,-31,0,-50]} 1. e4 e5 2. Nf3 Nf6 3. Nc3 Nc6 4. Bb5 Bd6 5. a3 (5. d3 h6 6. a3 a6 7. Bc4 Bc5 8. b4 Ba7 9. h3 d6 10. Ne2 Be6 11. Bxe6 fxe6 12. Ng3 O-O 13. c3 Qe8 14. O-O Nh5 15. Nxh5 Qxh5 {½-½ (24) Svidler,P (2741)-Yu,Y (2750) Shenzhen 2017}) 5... O-O 6. d3 {C48: Vierspringerspiel (Rubinstein-Variante)} a6 7. Bc4 Be7 8. h3 d6 {LiveBook: 6 Partien} 9. Be3 Be6 10. Bxe6 $146 ({Vorgänger:} 10. Ba2 Bxa2 11. Rxa2 d5 12. exd5 Nxd5 13. Nxd5 Qxd5 14. Ra1 Rad8 15. O-O f5 16. Bg5 {½-½ (39) Md Zafrul,I (1936)-Islam,K (2024) Dhaka 2016}) 10... fxe6 11. d4 exd4 12. Nxd4 Nxd4 13. Qxd4 c5 14. Qd3 d5 {[%cal Bd6d5,Bd5d4][%mdl 32]} 15. Bg5 ({Lieber} 15. exd5 $15 exd5 16. O-O-O) 15... Nd7 {[%cal Bf6d7,Bd7e5,Be5c4][%mdl 32]} 16. Bxe7 Qxe7 17. O-O d4 18. Ne2 Ne5 19. Qg3 Nc4 20. Qd3 Ne5 21. Qg3 Nc4 22. Qd3 Ne5 23. Qg3 1/2-1/2

[Event "XXXIII Lower Silesian Cup 2017"]
[Site "Legnica"]
[Date "2017.12.12"]
[Round "8"]
[White "Simantsev, Mikhail"]
[Black "Sieciechowicz, Marcin"]
[Result "1/2-1/2"]
[WhiteElo "2490"]
[BlackElo "2387"]
[Annotator "TA"]
[PlyCount "50"]
[EventDate "2017.??.??"]
[EventType "tourn"]
[EventCountry "POL"]
[SourceTitle "playchess.com"]
[Source "ChessBase"]
[SourceQuality "1"]

{[%evp 20,50,0,0,20,13,21,18,22,0,26,0,0,0,0,0,0,0,0,0,0,0,0,0,2,0,0,0,3,0,0,0,0]} 1. d4 d5 2. c4 c6 3. Nc3 Nf6 4. e3 e6 5. Nf3 Nbd7 6. Qc2 Bd6 7. b3 O-O 8. Be2 b6 9. O-O Bb7 10. Bb2 Qe7 11. Rfd1 {LiveBook: 93 Games} Ba3 {D45: Semi-Slav: 5 e3} 12. Rac1 Bxb2 $146 ({Predecessor:} 12... Rfd8 13. Qb1 Rac8 14. Bxa3 Qxa3 15. cxd5 exd5 16. b4 a5 17. bxa5 Qxa5 18. Qb2 Ba6 19. Bxa6 Qxa6 {½-½ (40) Hracek,Z (2612)-Dreev,A (2677) Eilat 2012}) 13. Qxb2 Rfd8 14. Bd3 h6 15. Qe2 c5 {The position is equal.} 16. cxd5 Nxd5 17. Nxd5 Bxd5 18. Ba6 Bxf3 19. Qxf3 cxd4 20. Rxd4 {[#] Hoping for Rc7.} Nf6 21. Rcd1 Rab8 22. Qg3 Ra8 23. Qf3 Rab8 24. Qg3 Ra8 25. Qf3 Rab8 {Precision: White = 81%, Black = 80%.} 1/2-1/2